| 000 | 00868nas a2200265 4500 | ||
|---|---|---|---|
| 001 | BR9705085 | ||
| 003 | BR-BrBNA | ||
| 005 | 20231205100610.0 | ||
| 007 | ta | ||
| 008 | 230509b bl.|||p| |||| 00| 00por d | ||
| 040 |
_aBR-BrBNA _bpor _cBiblioteca Nacional de Agricultura |
||
| 041 | _a(Pt) | ||
| 072 | _aF60 | ||
| 100 | 1 | _aValduga, E. | |
| 100 | 1 | _aFreitas, R.J.S. de | |
| 100 | 1 | _aReissmann, C.B. | |
| 100 | 1 | _aNakashima, T. | |
| 245 | 1 | _aCaracterizacao quimica da folha de IIex paraguariensis St. Hil. (Erva-mate)e de outras especies utilizadas na adulteracao do mate | |
| 650 | _aMate | ||
| 650 | _aFolha | ||
| 650 | _aAnalise Quimica | ||
| 773 | 0 |
_tBoletim do Centro de Pesquisa e Processamento de Alimento (Brazil) _xISSN 0102-0323 _g(Jan-Jun 1997), v. 15(1) p. 25-36 _wBR9705085 |
|
| 909 |
_a202311 _bLúcia _c55 _dLúcia Elande |
||
| 942 |
_2AGRIS _n0 _cANA |
||
| 999 |
_c156926 _d156926 |
||